Základy marketingu

Gespeichert in:
Bibliographische Detailangaben
1. Verfasser: Přibová, Marie
Weitere Verfasser: Mařík, Miloš
Format: Buch
Sprache:Tschechisch
Veröffentlicht: Praha ALEKO 1991
Ausgabe:1. vyd.
Tags: Tag hinzufügen
Keine Tags, Fügen Sie das erste Tag hinzu!

MARC

LEADER 00000nam a2200000 4500
001 c025041
005 20221214101801.4
041 0 |a cze 
044 |a CZ 
245 1 0 |a Základy marketingu  |c Marie Přibová, Miloš Mařík 
250 |a 1. vyd. 
264 1 |a Praha  |b ALEKO  |c 1991 
300 |a 122 s. 
100 1 |a Přibová, Marie 
700 1 |a Mařík, Miloš